=LDR 00000nam 2200000 4500 =001 000639 =005 20250711060825 =035 ##$$a 0010-0725000507 =007 ta =008 250711################a##########0#ind## =020 ##$$a 978-602-244-928-7 =245 ##$$a Tiup! Tiup! /$c Ana Falesthein T. A. =250 ##$$a Cetakan Pertama =260 ##$$a Jakarta Selatan :$b Kementrian Pendidikan, kebudayaan, Riset, dan Teknologi,$c 2022 =300 ##$$a 30 hlm. : $b Ilus. ; $c 29,7 cm =856 ##$$a TBM As-Suhada =082 ##$$a 398. 209 598 =084 ##$$a 398. 209 598 TIU =990 ##$$a TBM202400407